000 00915nam a2200289Ia 4500
005 20220317001031.0
008 160825s2010 ck g 000 0 spa
020 _a9789583001012
082 0 4 _a335.4
_bM17m
100 1 _aMarx, Karl
_d1818-1883
245 1 0 _aManifiesto del Partido Comunista
_cCarlos Marx y Federico Engels
250 _a1a. edición
_b10a. reimpresión
300 _a78 páginas
_c20 cm
490 _aFilosofia y Política
650 1 4 _2LEMB
_aComunismo
650 1 4 _2LEMB
_aMarxismo
650 1 4 _2LEMB
_aProletariado
650 1 4 _2LEMB
_aSocialismo
700 1 _aEngels, Friedrich,
_d1820-1895
_910849
700 1 _aFernández Buey, Francisco
_964719
942 _2ddc
_cBK
264 _aBogotá
_bPanamericana
_c2010
336 _atexto
_btxt
_2rdacontent
337 _asin mediación
_bn
_2rdamedia
338 _avolumen
_bnc
_2rdacarrier
040 _aCO-BoRNBP
_bspa
_erda
_cCO-BoRNBP
999 _c5736
_d5736